Loading...
| Philosophy | 1 | 4 | 0 | 0 | 55 | 59 | 92.60 | 0 | 5 | 0.00 | 0.00 |
| Social Science | 0 | 5 | 1 | 1 | 45 | 100 | 120.00 | 2 | 5 | 0.00 | 0.00 |
| History - American | 0 | 4 | 0 | 1 | 40 | 88 | 113.75 | 0 | 4 | 0.00 | 0.00 |
| Current Events | 0 | 3 | 0 | 2 | 30 | 84 | 116.33 | 0 | 3 | 0.00 | 0.00 |
| Fine Arts - Auditory | 0 | 3 | 1 | 0 | 25 | 138 | 146.33 | 0 | 3 | 0.00 | 0.00 |
| Religion | 0 | 3 | 1 | 1 | 25 | 108 | 131.33 | 0 | 3 | 0.00 | 0.00 |
| Literature - European | 0 | 2 | 0 | 0 | 20 | 127 | 134.50 | 0 | 2 | 0.00 | 0.00 |
| History - World | 0 | 2 | 0 | 1 | 20 | 131 | 138.00 | 0 | 2 | 0.00 | 0.00 |
| Science - Chemistry | 0 | 2 | 0 | 0 | 20 | 95 | 110.00 | 0 | 2 | 0.00 | 0.00 |
| Literature - British | 1 | 1 | 1 | 0 | 20 | 83 | 117.00 | 0 | 2 | 0.00 | 0.00 |
| Fine Arts - Visual | 0 | 2 | 1 | 1 | 15 | 128 | 142.00 | 0 | 2 | 0.00 | 0.00 |
| History - European | 1 | 0 | 0 | 0 | 15 | 74 | 74.00 | 1 | 1 | 0.00 | 0.00 |
| Literature - World | 0 | 1 | 0 | 0 | 10 | 107 | 107.00 | 0 | 1 | 0.00 | 0.00 |
| History - Ancient/Other | 0 | 1 | 0 | 0 | 10 | 144 | 144.00 | 0 | 1 | 0.00 | 0.00 |
| Geography | 0 | 1 | 0 | 0 | 10 | 97 | 97.00 | 0 | 1 | 0.00 | 0.00 |
| Other Academic | 0 | 1 | 0 | 0 | 10 | 87 | 87.00 | 1 | 1 | 0.00 | 0.00 |
| Science - Biology | 0 | 2 | 2 | 1 | 10 | 95 | 115.50 | 1 | 2 | 0.00 | 0.00 |
| Science - Physics | 0 | 1 | 0 | 0 | 10 | 101 | 101.00 | 0 | 1 | 0.00 | 0.00 |
| Fine Arts - Other | 0 | 1 | 3 | 0 | -5 | 122 | 122.00 | 0 | 1 | 0.00 | 0.00 |